Info USA 2007-2008 : Your guide to the USA

Kaydedildi:
Detaylı Bibliyografya
Materyal Türü: Kitap
Dil:Undetermined
Baskı/Yayın Bilgisi: United States 2008
Konular:
Etiketler: Etiketle
Etiket eklenmemiş, İlk siz ekleyin!
Thư viện lưu trữ: Trung tâm Học liệu Trường Đại học Cần Thơ
LEADER 00488nam a2200169Ia 4500
001 CTU_171787
008 210402s9999 xx 000 0 und d
082 |a 917.3 
082 |b I.61/CD.2 
245 0 |a Info USA 2007-2008 : 
245 0 |b Your guide to the USA 
260 |a United States 
260 |c 2008 
650 |a United States,Hoa Kỳ 
650 |x Eescription and travel,Mô tả và du lịch 
904 |i Tuyến 
980 |a Trung tâm Học liệu Trường Đại học Cần Thơ